Partnerstvo 1999 pre členstvo SR v Európskej únii

Návrh vytyčujúci prioritné oblasti pre ďalšie aktivity stanovené v Pravidelnej správe EK. Politické a ekonomické kritériá. Vnútorný trh. Pomoc EÚ pri financovaní projektov prostredníctvom predvstupných nástrojov (PHARE, ISPA, SAPARD). Monitoring.

Guardado en:
Detalles Bibliográficos
Autor principal: Zaťková, Daniela
Formato: Capítulo de libro
Lenguaje:eslovaco
Materias:
Etiquetas: Agregar Etiqueta
Sin Etiquetas, Sea el primero en etiquetar este registro!

MARC

LEADER 00000naa a2200000 4500
001 r036679
005 20230824102223.8
041 0 |a slo 
044 |a SK 
245 1 0 |a Partnerstvo 1999 pre členstvo SR v Európskej únii  |c Daniela Zaťková 
520 |a Návrh vytyčujúci prioritné oblasti pre ďalšie aktivity stanovené v Pravidelnej správe EK. Politické a ekonomické kritériá. Vnútorný trh. Pomoc EÚ pri financovaní projektov prostredníctvom predvstupných nástrojov (PHARE, ISPA, SAPARD). Monitoring. 
610 2 0 |a spolupráca hospodárska medzinárodná 
610 2 0 |a programy rozvojové 
610 2 0 |a Európska únia 
610 2 0 |a trh vnútorný 
610 2 0 |a projekty 
610 2 0 |a financie 
100 1 |a Zaťková, Daniela